Statistics for Croatian rivers

Click here to take the quiz!

General Stats

  • This quiz has been taken 969 times
  • The average score is 14 of 32

Answer Stats

Total lenght (km)Lenght within Croatia (km)Answer% Correct
945562Sava
98%
2860188Dunav
97%
749505Drava
95%
296296Kupa
82%
134134Korana
75%
21320Neretva
73%
101101Cetina
68%
7373Krka
68%
6163Mrežnica
66%
212120Una
64%
104104Dobra
61%
48367Mura
61%
6969Zrmanja
54%
5353Mirna
48%
112112Vuka
39%
133133Lonja-Trebež
38%
186151Bosut
37%
7878Lika
37%
9289Sutla
32%
8989Orljava
31%
133133Bednja
26%
8585Ilova
26%
8383Odra
25%
9191Karašica
24%
7575Krapina
24%
100100Glina
19%
124124Česma
18%
7272Pakra
18%
6565Plitvica
14%
6969Sunja
10%
6361Glogovnica
8%
5656Kupčina
7%

Score Distribution

Percentile by Number Answered

Percent of People with Each Score

Your Score History

You have not taken this quiz